| 000 | 01067nam a2200349Ia 4500 | ||
|---|---|---|---|
| 008 | 170203s9999 xx 000 0 und d | ||
| 020 | _a9780545012326 | ||
| 050 | _aFic | ||
| 050 | _bS857v | ||
| 100 | _aStilton, Geronimo. | ||
| 245 | _aValley of the giant skeletons / | ||
| 245 | _cGeronimo Stilton ; illustrations by Claudio Cernuschi and Christian Aliprandi ; English translation by Edizioni Piemme S.p.A. | ||
| 260 | _aNew York : | ||
| 260 | _bScholastic, | ||
| 260 | _c2008 | ||
| 300 | _a110 pages : | ||
| 300 | _bcolor illustrations, maps ; | ||
| 300 | _c20 cm. | ||
| 440 | _aGeronimo Stilton ; | ||
| 440 | _v#32. | ||
| 500 | _aTranslation of: Valle degli Scheletri Giganti. | ||
| 650 | _aDinosaurs -- | ||
| 650 | _aGobi Desert (Mongolia and China) -- | ||
| 650 | _aMice -- | ||
| 650 | _aStilton, Geronimo (Fictitious character) -- | ||
| 650 | _aTreasure troves -- | ||
| 650 | _xFiction. | ||
| 650 | _xJuvenile fiction. | ||
| 650 | _xJuvenile fiction. | ||
| 650 | _xJuvenile fiction. | ||
| 650 | _xJuvenile fiction. | ||
| 999 |
_c306263 _d306263 |
||